Scottish property review (Record no. 119193)

MARC details
000 -LEADER
fixed length control field 00905cab a22002295a 4500
001 - CONTROL NUMBER
control field E144624
008 - FIXED-LENGTH DATA ELEMENTS--GENERAL INFORMATION
fixed length control field 080731c2001 stkfr df s 000 0 eng u
035 ## - SYSTEM CONTROL NUMBER
System control number (Sirsi) u144624
041 ## - LANGUAGE CODE
Language code of text/sound track or separate title eng
050 04 - LIBRARY OF CONGRESS CALL NUMBER
Classification number 333.33 $2 18
110 2# - MAIN ENTRY--CORPORATE NAME
Corporate name or jurisdiction name as entry element Ryden
9 (RLIN) 2067
245 00 - TITLE STATEMENT
Title Scottish property review
Medium [electronic resource]
260 ## - PUBLICATION, DISTRIBUTION, ETC.
Place of publication, distribution, etc. Edinburgh
Name of publisher, distributor, etc. Ryden
Date of publication, distribution, etc. 2001-
362 0# - DATES OF PUBLICATION AND/OR SEQUENTIAL DESIGNATION
Dates of publication and/or sequential designation (48) April 2001-
520 ## - SUMMARY, ETC.
Summary, etc. Includes information on the economy and planning, as well as details of the investment market and retail, office and industrial property.
520 ## - SUMMARY, ETC.
Summary, etc. Library also holds hard copies of some of the reports (catalogued individually).
554 ## -
-- Two per year
651 #4 - SUBJECT ADDED ENTRY--GEOGRAPHIC NAME
Geographic name Scotland
Chronological subdivision 1999-
690 ## - LOCAL SUBJECT ADDED ENTRY--TOPICAL TERM (OCLC, RLIN)
Topical term or geographic name as entry element PROPERTY-COMMERCIAL PROPERTY-COMMERCIAL PROPERTY MARKET
856 41 - ELECTRONIC LOCATION AND ACCESS
Uniform Resource Identifier <a href="https://www.ryden.co.uk/News/scottishPropertyReview.php">https://www.ryden.co.uk/News/scottishPropertyReview.php</a>
Public note View the reports free of charge at www.ryden.co.uk...
942 ## - ADDED ENTRY ELEMENTS (KOHA)
Suppress in OPAC 0
Holdings
Withdrawn status Lost status Source of classification or shelving scheme Damaged status Not for loan Home library Current library Shelving location Date acquired Total Checkouts Full call number Barcode Date last seen Copy number Price effective from Koha item type
    Dewey Decimal Classification     Virtual Virtual Online 31/07/2008   ONLINE PUBLICATION 144624-2001 06/08/2019 1 06/08/2019 Book